[Event "SVK-chT3A2 2122"]
[Site "Slovakia"]
[Date "2022.01.30"]
[Round "8.7"]
[White "Machovicova, Alexandra"]
[Black "Jancicka, Viliam"]
[Result "0-1"]
[WhiteElo "1195"]
[BlackElo "1510"]
[PlyCount "76"]
[EventDate "2021.10.10"]
[EventType "team-tourn"]
[EventRounds "11"]
[EventCountry "SVK"]
[SourceTitle "EXT 2023"]
[Source "ChessBase"]
[SourceDate "2022.10.05"]
[SourceVersion "1"]
[SourceVersionDate "2022.10.05"]
[SourceQuality "1"]
[WhiteTeam "Modranka Komplet II"]
[BlackTeam "Hlohovec"]
[WhiteTeamCountry "SVK"]
[BlackTeamCountry "SVK"]

1. d4 Nf6 2. Nc3 d5 3. Nf3 Nc6 4. e3 a6 5. Bd3 Bg4 6. h3 Bh5 7. g4 Bg6 8. Qe2 e6 9. Bd2 Be7 10. 0-0-0 Nb4 11. Kb1 Nxd3 12. Nh4 Nb4 13. Nxg6 hxg6 14. a3 Nc6 15. g5 Nd7 16. e4 Nb6 17. Rdg1 Nxd4 18. Qe3 Bc5 19. b4 Nc4 20. Qd3 Nxd2+ 21. Qxd2 Nf3 22. Qd1 Nxg1 23. Qxg1 Be7 24. f4 c6 25. f5 Bxg5 26. fxg6 fxg6 27. Qf1 Qf6 28. Qxf6 Bxf6 29. Ne2 g5 30. a4 a5 31. c3 axb4 32. cxb4 Rxa4 33. Rd1 Rxb4+ 34. Kc1 Rxh3 35. Kc2 Rxe4 36. Kd2 Rh2 37. Ra1 Rhxe2+ 38. Kd3 R4e3# 0-1

[Event "Piestany Slovakia op"]
[Site "Piestany"]
[Date "2021.07.11"]
[Round "2"]
[White "Kollarik, Gorazd"]
[Black "Jancicka, Viliam"]
[Result "1-0"]
[WhiteElo "1810"]
[BlackElo "1564"]
[PlyCount "59"]
[EventDate "2021.07.10"]
[EventType "swiss"]
[EventRounds "9"]
[EventCountry "SVK"]
[SourceTitle "CBM 203 Extra"]
[Source "ChessBase"]
[SourceDate "2021.09.30"]
[SourceVersion "1"]
[SourceVersionDate "2021.09.30"]
[SourceQuality "1"]

1. e4 c5 2. Nf3 Nc6 3. d4 cxd4 4. Nxd4 Nxd4 5. Qxd4 d6 6. Bb5+ Bd7 7. Bxd7+ Qxd7 8. 0-0 e6 9. Bg5 f6 10. Bh4 Nh6 11. Bg3 Nf7 12. Rd1 Be7 13. Nc3 a6 14. Rd3 0-0 15. Rad1 Rfd8 16. Kh1 Qc6 17. f4 b5 18. a3 Qc5 19. Bf2 Qxd4 20. Bxd4 Rab8 21. Kg1 Rb7 22. Kf2 Rc8 23. R1d2 Rc6 24. Na2 a5 25. Rc3 Rbc7 26. Rdd3 Rxc3 27. Rxc3 Rxc3 28. Bxc3 a4 29. Bb4 Kf8 30. Nc3 1-0

[Event "SVK-chT4 A22 1819"]
[Site "Slovakia"]
[Date "2019.03.17"]
[Round "11.6"]
[White "Jancicka, Viliam"]
[Black "Minarik, Jozef"]
[Result "0-1"]
[WhiteElo "1611"]
[BlackElo "1652"]
[PlyCount "104"]
[EventDate "2018.10.14"]
[EventType "team-tourn"]
[EventRounds "11"]
[EventCountry "SVK"]
[SourceTitle "EXT 2020"]
[Source "ChessBase"]
[SourceDate "2019.10.17"]
[SourceVersion "1"]
[SourceVersionDate "2019.10.17"]
[SourceQuality "1"]

1. Nf3 Nf6 2. d4 e6 3. Nc3 Be7 4. e4 d5 5. e5 Nfd7 6. Bd3 a6 7. Ne2 c5 8. c3 Nc6 9. 0-0 h6 10. a3 Na5 11. b4 cxb4 12. cxb4 Nc4 13. Qc2 Ndb6 14. Nc3 Bd7 15. Nd2 Rc8 16. Nxc4 Nxc4 17. Qb3 Qc7 18. Ne2 0-0 19. Be3 Qb6 20. Rfd1 a5 21. Rab1 axb4 22. axb4 Bb5 23. Nc3 Ra8 24. Nxb5 Qxb5 25. Bc1 Ra4 26. Bd2 Rc8 27. Rdc1 Rc6 28. Be1 Ra8 29. Rc2 Qa4 30. g3 b5 31. Kg2 Qxb3 32. Rxb3 Rca6 33. Bc3 Ra3 34. Rxa3 Rxa3 35. Bxc4 dxc4 36. f4 Rb3 37. Kf2 f5 38. Ke2 Kf7 39. Kd1 Kg6 40. Kd2 Bxb4 41. Bxb4 Rxb4 42. Kc1 Kf7 43. Rc3 Ke7 44. Ra3 Ra4 45. Rc3 Kd7 46. Kb2 Kc6 47. Ra3 Rxa3 48. Kxa3 Kd5 49. h3 Kxd4 50. g4 Ke4 51. Kb4 Kxf4 52. gxf5 Kxf5 0-1

[Event "SVK-chT3A2 1819"]
[Site "Slovakia"]
[Date "2018.10.07"]
[Round "1.1"]
[White "Kastler, Peter"]
[Black "Jancicka, Viliam"]
[Result "1-0"]
[WhiteElo "1758"]
[BlackElo "1630"]
[PlyCount "77"]
[EventDate "2018.10.07"]
[EventType "team-tourn"]
[EventRounds "11"]
[EventCountry "SVK"]
[SourceTitle "EXT 2020"]
[Source "ChessBase"]
[SourceDate "2019.10.17"]
[SourceVersion "1"]
[SourceVersionDate "2019.10.17"]
[SourceQuality "1"]
[WhiteTeam "Gbely Nafta II"]
[BlackTeam "Hlohovec"]
[WhiteTeamCountry "SVK"]
[BlackTeamCountry "SVK"]

1. d4 d5 2. c4 e6 3. e3 Nf6 4. Nf3 Nc6 5. Nc3 Be7 6. Be2 Bd7 7. 0-0 0-0 8. b3 a6 9. Bb2 Re8 10. Rc1 Rb8 11. cxd5 exd5 12. Ne5 Be6 13. Nxc6 bxc6 14. Na4 Bd7 15. Bxa6 c5 16. Nc3 cxd4 17. Qxd4 c5 18. Qd2 Bc6 19. Rfd1 Qb6 20. Bd3 c4 21. Bc2 Bc5 22. Kh1 Rbd8 23. Ne2 Ng4 24. Nd4 Bb7 25. h3 Ne5 26. Bc3 Qf6 27. Qe2 Qb6 28. Rb1 Qa6 29. Nf3 Nxf3 30. gxf3 Qe6 31. Bd4 Qxh3+ 32. Kg1 Bd6 33. f4 Bxf4 34. f3 Bd6 35. Qg2 Qxg2+ 36. Kxg2 Ba6 37. b4 Be5 38. Ba4 Re6 39. Bc5 1-0

[Event "SVK-chT4 A22 1718"]
[Site "Slovakia"]
[Date "2018.02.25"]
[Round "10.4"]
[White "Jancicka, Viliam"]
[Black "Galis, Peter"]
[Result "1/2-1/2"]
[WhiteElo "1654"]
[BlackElo "1000"]
[PlyCount "72"]
[EventDate "2017.10.01"]
[EventType "team-tourn"]
[EventRounds "11"]
[EventCountry "SVK"]
[SourceTitle "EXT 2020"]
[Source "ChessBase"]
[SourceDate "2019.10.17"]
[SourceVersion "1"]
[SourceVersionDate "2019.10.17"]
[SourceQuality "1"]

1. d4 Nf6 2. Nf3 d5 3. Bf4 c5 4. Nc3 Nbd7 5. e3 e6 6. Nb5 Qa5+ 7. c3 Nh5 8. Nc7+ Kd8 9. Nxa8 Nxf4 10. exf4 b5 11. Ne5 Nxe5 12. fxe5 Bb7 13. Be2 Bxa8 14. 0-0 Be7 15. a4 b4 16. cxb4 cxb4 17. b3 a6 18. Rc1 Kd7 19. Qd2 Rb8 20. Rc2 Bd8 21. Rc5 Qb6 22. f4 Be7 23. Rc2 g6 24. Qd3 Bb7 25. Kh1 h5 26. Rfc1 Rc8 27. Rxc8 Bxc8 28. g3 Bb7 29. h3 Ke8 30. Kg2 Kd7 31. Kf3 Ke8 32. Ke3 Kd7 33. Qd1 Qd8 34. Qf1 Qa8 35. Rc2 Bf8 36. Qc1 Qd8 1/2-1/2

[Event "SVK-chT3A2 1718"]
[Site "Slovakia"]
[Date "2018.01.07"]
[Round "7.5"]
[White "Jancicka, Viliam"]
[Black "Takacs, Zsolt"]
[Result "1/2-1/2"]
[WhiteElo "1631"]
[BlackElo "1751"]
[PlyCount "116"]
[EventDate "2017.10.08"]
[EventType "team-tourn"]
[EventRounds "11"]
[EventCountry "SVK"]
[SourceTitle "EXT 2020"]
[Source "ChessBase"]
[SourceDate "2019.10.17"]
[SourceVersion "1"]
[SourceVersionDate "2019.10.17"]
[SourceQuality "1"]
[WhiteTeam "Hlohovec"]
[BlackTeam "Gbely Nafta II"]
[WhiteTeamCountry "SVK"]
[BlackTeamCountry "SVK"]

1. Nf3 d5 2. d4 Nf6 3. Nbd2 Nc6 4. c3 Bg4 5. Qc2 Bxf3 6. Nxf3 h6 7. Bf4 e6 8. h3 Bd6 9. e3 a6 10. Bd3 Nh5 11. Be5 Nf6 12. 0-0-0 Bxe5 13. dxe5 Nd7 14. e4 Ndxe5 15. exd5 Nxd3+ 16. Qxd3 Ne7 17. dxe6 Qxd3 18. exf7+ Kxf7 19. Rxd3 Rhd8 20. Rhd1 Rxd3 21. Rxd3 Kf6 22. Rd7 Rc8 23. Kd2 Ke6 24. Rd3 Nf5 25. Nd4+ Nxd4 26. Rxd4 g5 27. Ke3 c5 28. Re4+ Kf5 29. g4+ Kf6 30. f4 gxf4+ 31. Rxf4+ Kg6 32. h4 Rd8 33. b4 cxb4 34. cxb4 b6 35. a4 Rd1 36. Rd4 Re1+ 37. Kf4 Re6 38. Rc4 Kf6 39. b5 axb5 40. axb5 Ke7 41. Rc6 Rxc6 42. bxc6 b5 43. g5 hxg5+ 44. hxg5 b4 45. g6 b3 46. c7 b2 47. c8Q b1Q 48. Qc5+ Ke8 49. Qe5+ Kf8 50. Qf5+ Qxf5+ 51. Kxf5 Kg7 52. Kg5 Kg8 53. Kf6 Kf8 54. Ke6 Kg7 55. Kf5 Kg8 56. Kg5 Kg7 57. Kh5 Kg8 58. Kh6 Kh8 1/2-1/2

[Event "SVK-chT3A2 1415"]
[Site "Slovakia"]
[Date "2015.02.08"]
[Round "8.5"]
[White "Kocak, Branislav"]
[Black "Jancicka, Viliam"]
[Result "1-0"]
[WhiteElo "1912"]
[BlackElo "1757"]
[PlyCount "51"]
[EventDate "2014.10.19"]
[EventType "team-tourn"]
[EventRounds "11"]
[EventCountry "SVK"]
[SourceTitle "EXT 2019"]
[Source "ChessBase"]
[SourceDate "2018.10.10"]
[SourceVersion "1"]
[SourceVersionDate "2018.10.10"]
[SourceQuality "1"]

1. d4 d5 2. c4 dxc4 3. Nf3 Nf6 4. Nc3 Nc6 5. d5 Nb8 6. e4 Bg4 7. h3 Bh5 8. Bxc4 a6 9. a4 h6 10. 0-0 Nbd7 11. Be2 c6 12. Be3 Qc7 13. a5 cxd5 14. exd5 Qd6 15. Qb3 b5 16. axb6 e5 17. dxe6 fxe6 18. b7 Rb8 19. Rxa6 Qc7 20. Ra8 Kf7 21. Rxb8 Qxb8 22. Ra1 Qc7 23. Ra8 Nb8 24. Nd4 Bxe2 25. Ncxe2 Nd5 26. Nxe6 1-0

[Event "Piestany op"]
[Site "Piestany"]
[Date "2009.07.28"]
[Round "4"]
[White "Jancicka, Viliam"]
[Black "Spik, Peter"]
[Result "0-1"]
[WhiteElo "1650"]
[BlackElo "2093"]
[PlyCount "44"]
[EventDate "2009.07.26"]
[EventType "swiss"]
[EventRounds "7"]
[EventCountry "SVK"]
[SourceTitle "EXT 2010"]
[Source "ChessBase"]
[SourceDate "2010.11.25"]
[SourceVersion "1"]
[SourceVersionDate "2010.11.25"]
[SourceQuality "1"]

1. d4 d5 2. f4 Nf6 3. Nf3 e6 4. Nc3 c5 5. e3 Nc6 6. Be2 Bd7 7. Ne5 cxd4 8. exd4 Bb4 9. 0-0 0-0 10. a3 Bxc3 11. bxc3 Ne4 12. Qe1 Rc8 13. Rb1 Rc7 14. Rf3 f6 15. Nxd7 Qxd7 16. h4 f5 17. h5 Na5 18. Rb3 Nxb3 19. cxb3 Rfc8 20. c4 dxc4 21. bxc4 Qxd4+ 22. Be3 Qc3 0-1

[Event "Piestany op"]
[Site "Piestany"]
[Date "2009.07.27"]
[Round "2"]
[White "Jancicka, Viliam"]
[Black "Markuliak, Mario"]
[Result "0-1"]
[WhiteElo "1650"]
[BlackElo "1856"]
[PlyCount "160"]
[EventDate "2009.07.26"]
[EventType "swiss"]
[EventRounds "7"]
[EventCountry "SVK"]
[SourceTitle "EXT 2010"]
[Source "ChessBase"]
[SourceDate "2010.11.25"]
[SourceVersion "1"]
[SourceVersionDate "2010.11.25"]
[SourceQuality "1"]

1. d4 Nf6 2. c4 g6 3. Nc3 d5 4. Nf3 Bg7 5. cxd5 Nxd5 6. e4 Nxc3 7. bxc3 c5 8. Be3 0-0 9. Rc1 Qa5 10. Qd2 Nc6 11. Be2 Bg4 12. 0-0 Bxf3 13. Bxf3 cxd4 14. cxd4 Qxd2 15. Bxd2 Bxd4 16. h4 h5 17. Rfd1 Rac8 18. Bg5 Rfd8 19. Kf1 f6 20. Bf4 Kf7 21. Be2 a6 22. g4 hxg4 23. Bxg4 e6 24. Bg3 f5 25. exf5 exf5 26. Be2 Rd7 27. Bf4 Rcd8 28. h5 Bf6 29. Bc4+ Kg7 30. Rxd7+ Rxd7 31. hxg6 Kxg6 32. Kg2 Be5 33. Bxe5 Nxe5 34. Be6 Nd3 35. Rg1 Re7 36. Bc4 Ne5 37. Bg8 Kf6 38. Bd5 Rg7+ 39. Kf1 Rxg1+ 40. Kxg1 b6 41. f4 Nd3 42. Bc4 Nxf4 43. Bxa6 Ke5 44. Kf2 Kd4 45. Kf3 Nd3 46. a4 Nc5 47. Bb5 Kc3 48. Kf4 Kb4 49. Kxf5 Nxa4 50. Be8 Kb3 51. Ke5 Kb4 52. Kd5 Nc3+ 53. Kc6 Ka5 54. Kd6 Nb5+ 55. Ke5 Ka6 56. Bc6 Na7 57. Be8 Kb7 58. Ba4 Kc7 59. Kd5 Nc8 60. Kc4 Nd6+ 61. Kd5 Nb7 62. Bb5 Nd6 63. Ba4 Nf5 64. Bb5 Ne3+ 65. Kd4 Nc2+ 66. Kd5 Nb4+ 67. Kc4 Nc6 68. Kd5 Na5 69. Ke6 Nb3 70. Kd5 Nd2 71. Ke6 Nb1 72. Ke5 Nc3 73. Be8 Kd8 74. Bc6 Ke7 75. Kd4 Kd6 76. Be8 Nd5 77. Kc4 Ne7 78. Kb5 Kc7 79. Bf7 Nc8 80. Be8 Nd6+ 0-1